00317cam a22001217a 4500008004000000082001700040100002000057245004200077260002600119300000900145650001600154650002500170180718b1977 xxu||||| |||| 00| 0 eng d aA6x5452 R141 aRamaswami, N.S. aFounding of Madrascby N.S. Ramaswami aBombaybLongmanc1977 a87p. aMadras city aTamil Nadu - History